| 000 | 00879nas a2200289 4500 | ||
|---|---|---|---|
| 001 | BR2012005227 | ||
| 003 | BR-BrBNA | ||
| 005 | 20231205120843.0 | ||
| 007 | ta | ||
| 008 | 230509b bl.|||p| |||| 00| 00por d | ||
| 040 |
_aBR-BrBNA _bpor _cBiblioteca Nacional de Agricultura |
||
| 041 | _a(Pt) | ||
| 072 | _aH60 | ||
| 100 | 1 | _aCarvalho, S.J.P. | |
| 100 | 1 | _aMachado, E.C.R. | |
| 100 | 1 | _aMarques, B.S. | |
| 100 | 1 | _aSilva, A.P.P. | |
| 100 | 1 | _aLima, R.S.O. | |
| 100 | 1 | _aCosta, R. | |
| 245 | 1 | _aAtividade relativa da catalase de losna-branca (Parthenium hysterophorus)comparada à de outras espécies daninhas | |
| 650 | _aERVA DANINHA | ||
| 650 | _aHERBICIDA | ||
| 650 | _aCATALASE | ||
| 773 | 0 |
_tPlanta Daninha (Brazil) _xISSN 0100-8358 _g(Apr-Jun 2012), v. 30(2) p. 395-400 _wBR2012005227 |
|
| 909 |
_a202311 _bLúcia _c55 _dLúcia Elande |
||
| 942 |
_2AGRIS _n0 _cANA |
||
| 999 |
_c220655 _d220655 |
||